000 00678nam a2200205Ia 4500
003 IN-BaIIA
008 211028s9999 xx 000 0 eng d
040 _cIIA Library
080 _a(05)52
_bANN-6
245 0 _aAnnual review of astronomy and astrophysics
_bvol. 6
_cedited by Leo Goldberg, David Layzer and John G. Phillips
260 _aPalo Alto
_bAnnual Reviews
_c1968
300 _avii, 528p.
650 _aAstronomy and astrophysics thesaurus
650 _aAstronomy-Periodicals
_94087
650 _aAstrophysics-Periodicals
_94088
700 _aGoldberg, Leo, ed.
_94090
700 _aLayzer, David, ed.
_94091
700 _aPhillips, John G., ed.
_95230
942 _cBK
999 _c3156
_d3156